[Event "Ruhrgebiet VK2 0001"]
[Site "Ruhrgebiet"]
[Date "2000.09.17"]
[Round "1"]
[White "Thalmann, Frank"]
[Black "Boemelburg, Juergen"]
[Result "1-0"]
[WhiteElo "1858"]
[BlackElo "1804"]
[PlyCount "79"]
[EventDate "2000.09.17"]
[EventType "team-tourn"]
[EventRounds "9"]
[EventCountry "GER"]
[SourceTitle "EXT 2023"]
[Source "ChessBase"]
[SourceDate "2022.10.05"]
[SourceVersion "1"]
[SourceVersionDate "2022.10.05"]
[SourceQuality "1"]
[WhiteTeam "Steele/Kray Rochade"]
[BlackTeam "Linden Sued"]
[WhiteTeamCountry "GER"]
[BlackTeamCountry "GER"]

1. Nf3 Nf6 2. c4 Nc6 3. d4 e6 4. Nc3 Bb4 5. e3 Bxc3+ 6. bxc3 d6 7. Bd3 0-0 8. 0-0 e5 9. Nd2 b6 10. f4 Re8 11. Qf3 Bb7 12. Ne4 Na5 13. fxe5 Bxe4 14. Bxe4 Nxe4 15. Qxe4 dxe5 16. Qf5 Qe7 17. Qd3 e4 18. Qe2 c6 19. c5 b5 20. a4 a6 21. Bd2 Qe6 22. axb5 axb5 23. Be1 Nc4 24. Bg3 h6 25. Rfe1 Qd7 26. Qf2 Ra7 27. Qf4 Nb2 28. Qd6 Qxd6 29. cxd6 Rea8 30. Rxa7 Rxa7 31. Rb1 Nc4 32. d5 cxd5 33. Rxb5 Nxe3 34. Bf4 Ng4 35. Kf1 g5 36. Rxd5 Rd7 37. Bc1 Nf6 38. Rd1 Ne8 39. Ba3 Ra7 40. d7 1-0

[Event "Ruhrgebiet VK1 9900"]
[Site "Ruhrgebiet"]
[Date "2000.05.21"]
[Round "9"]
[White "Boemelburg, Juergen"]
[Black "Von Heusinger, Georg"]
[Result "1/2-1/2"]
[WhiteElo "1850"]
[BlackElo "1953"]
[PlyCount "38"]
[EventDate "1999.09.19"]
[EventType "team-tourn"]
[EventRounds "9"]
[EventCountry "GER"]
[SourceTitle "EXT 2024"]
[Source "ChessBase"]
[SourceDate "2023.10.10"]
[SourceVersion "1"]
[SourceVersionDate "2023.10.10"]
[SourceQuality "1"]

1. e4 c5 2. Nc3 Nc6 3. f4 g6 4. Nf3 Bg7 5. Bb5 Nd4 6. 0-0 e6 7. e5 a6 8. Bd3 Nxf3+ 9. Qxf3 d5 10. exd6 Qxd6 11. Ne4 Qc7 12. c3 Ne7 13. b3 Rb8 14. Bb2 0-0 15. Rac1 Bd7 16. Qf2 b6 17. Qh4 Nd5 18. Bc4 Qd8 19. Qxd8 Rfxd8 1/2-1/2

[Event "Ruhrgebiet VK1 9900"]
[Site "Ruhrgebiet"]
[Date "2000.03.19"]
[Round "7"]
[White "Cordes, Malte"]
[Black "Boemelburg, Juergen"]
[Result "1/2-1/2"]
[WhiteElo "1812"]
[BlackElo "1850"]
[PlyCount "52"]
[EventDate "1999.09.19"]
[EventType "team-tourn"]
[EventRounds "9"]
[EventCountry "GER"]
[SourceTitle "EXT 2024"]
[Source "ChessBase"]
[SourceDate "2023.10.10"]
[SourceVersion "1"]
[SourceVersionDate "2023.10.10"]
[SourceQuality "1"]

1. Nf3 Nf6 2. g3 b6 3. Bg2 Bb7 4. 0-0 e6 5. b3 Be7 6. Bb2 0-0 7. d4 c5 8. Nbd2 cxd4 9. Bxd4 Qc7 10. c4 Nc6 11. Bb2 Rac8 12. Rc1 Rfd8 13. Qc2 h6 14. Rfd1 Nh7 15. e4 Nb4 16. Qb1 d6 17. Nd4 Nc6 18. N2f3 Ng5 19. Nxg5 Bxg5 20. f4 Be7 21. Nb5 Qb8 22. Qa1 Bf8 23. Rd2 a6 24. Nd4 Nxd4 25. Bxd4 Qc7 26. Rcd1 d5 1/2-1/2